000 00738nam a2200253Ia 4500
003 OSt
005 20220924122322.0
006 a|||||r|||| 00| 0
007 ta
008 220923b |||||||| |||| 00| 0 urd d
020 _c25
024 _a313287
037 _cTextual
040 _aARTS
_cARTS
_burd
041 _2urd
_aurd
082 _aO168,1M60x, L7
100 _aAarif Meer Ali Mohammad
_9189087
245 0 _aMuarif-e-Sukhan
260 _aLahore
_bMuzaffar Manzil Pakistan
_c1977
650 _aURDU POETRY
700 _a Lucknowi Yusuf Hussian Shaiq Ed.
_9189088
942 _hO168,1M60x, L7
_cTEXL
_2CC
999 _c411170
_d411170